| 000 | 01280nam a2200241Ia 4500 | ||
|---|---|---|---|
| 999 |
_c54860 _d54860 |
||
| 001 | 21929 | ||
| 003 | GE_BSU | ||
| 005 | 20220817131410.0 | ||
| 008 | 181216s1992||||ge |||||||||||||| || || | ||
| 040 | _cGE_BSU | ||
| 041 | _ageo | ||
| 080 | _a821.353.1.092:37.01(479.22)(092გოგებაშვილი, ი.) მ-55 | ||
| 100 |
_aმენაბდე, ლ. (ლევან) _914531 |
||
| 245 |
_aრაც ერთხელ ცხოვლად სულს დააჩნდების (ი. ჭავჭავაძე, ა. წერეთელი, ი. გოგებაშვილი და ძველი ქართული მწერლობა) / _c ლ. (ლევან) მენაბდე ; რედ. ლ. გრიგოლაშვილი. |
||
| 264 |
_aთბილისი : _bთბილ. უნ-ტის გამ-ბა, _c1992. |
||
| 300 |
_a134 გვ. ; _c20 სმ. |
||
| 541 | _h3ლ. | ||
| 653 | _aპედაგოგიკა | ||
| 653 | _aრაც ერთხელ ცხოვლად სულს დააჩნდების | ||
| 653 | _aქართული ლიტერატურა | ||
| 700 |
_aგრიგოლაშვილი, ლ. _eრედაქტორი _914532 |
||
| 942 |
_cBK _2udc |
||